00951nam a2200265Ia 450000500170000000800280001702000180004508200160006310000310007924501250011025000170023530000260025249000240027860000690030265000400037165000270041170000450043894200150048326400490049833600270054733700330057433800280060704000350063599900150067020220317000338.0141031s9999 ck 000 0 spa d a978968167657504a866.62bS141 aSalinas, Pedro,d1891-195110aPasajero en las Américasbcartas y ensayos del exilio cPedro Salinas ; prólogo, bibliografía y notas de Enric Bou a1a edición a405 páginasc21 cm. aLibros para soñar14aSalinas, Pedrod1891-1951xCorrespondencia, memorias, etc916984142LEMBaLiteratura mexicanaySiglo XX142LEMBaCartas mexicanas1 aBou, Enric,d1954-epróloguista916987 2ddccBKLIT aMéxicobFondo de Cultura Económicac2007 atextobtxt2rdacontent asin mediaciónbn2rdamedia avolumenbnc2rdacarrier aCO-BoRNBPbspaerdacCO-BoRNBP c3788d3788